Statistiques concernant Les îles du Ponant

Cliquez ici pour prendre le quiz!

Statistiques générales

  • Ce quiz a été pris 19 fois
  • Le résultat moyen est 6 sur 15

Statistiques - réponses

RégionsLes îles% Correct
Pays de la LoireL'Île-d'Yeu
79%
BretagneÎle de Sein
74%
BretagneÎle-de-Batz
63%
BretagneÎle de Groix
63%
BretagneÎle de Bréhat
58%
BretagneÎle de Molène
58%
BretagneBelle-Île-en-Mer
42%
BretagneÎle aux Moines
32%
BretagneÎle d'Ouessant
26%
NormandieÎles Chausey
26%
Nouvelle-AquitaineÎle d'Aix
21%
BretagneÎle-d'Arz
21%
BretagneÎle d'Hœdic
16%
BretagneÎle-d'Houat
16%
BretagneArchipel des Glénan
11%

Distribution des résultats

Percentile par nombre de réponses

% des personnes avec chaque résultat

Votre développement - résultats

Vous n’avez pas pris ce quiz